000 00276nam a22001217a 4500
082 _a617.4820
_bD08I
100 _aREED,JAMES C
245 _aCHEST RADIOLOGY PLAIN FILM PATTERNS
250 _a6TH
260 _aPHILADELPHIA
_bELSEVIER
_c2011
300 _a455
942 _2ddc
_cBK
999 _c14331
_d14331